Pedro I, 1350-1369 / (Record no. 12944)

MARC details
000 -LEADER
campo de control de longitud fija 01043nam a2200301 i 4500
001 - NÚMERO DE CONTROL
campo de control 12944
003 - IDENTIFICADOR DE NÚMERO DE CONTROL
campo de control ES-MaACL
005 - FECHA Y HORA DE LA ÚLTIMA TRANSACCIÓN
campo de control 20250818102742.0
007 - CAMPO FIJO DE DESCRIPCIÓN FÍSICA--INFORMACIÓN GENERAL
campo de control de longitud fija t|
008 - DATOS DE LONGITUD FIJA--INFORMACIÓN GENERAL
campo de control de longitud fija 960617s1995 sp ||||0| spa d
016 7# - NÚMERO DE CONTROL DE UNA AGENCIA BIBLIOGRÁFICA NACIONAL
Número de control cancelado/no válido 00000000043425
020 ## - NÚMERO INTERNACIONAL ESTÁNDAR DEL LIBRO
Número Internacional Estándar del Libro 84-8173-038-6
040 ## - FUENTE DE CATALOGACIÓN
Centro catalogador/agencia de origen VA-BCL
Lengua de catalogación spa
Centro/agencia transcriptor VA-BCL
080 ## - NÚMERO DE LA CLASIFICACIÓN DECIMAL UNIVERSAL
Número de la Clasificación Decimal Universal 929 Pedro (460) I
080 ## - NÚMERO DE LA CLASIFICACIÓN DECIMAL UNIVERSAL
Número de la Clasificación Decimal Universal 946.0"13"
100 1# - ENTRADA PRINCIPAL--NOMBRE DE PERSONA
Nombre de persona Díaz Martín, Luis Vicente.
9 (RLIN) 44343
245 10 - MENCIÓN DEL TÍTULO
Título Pedro I, 1350-1369 /
Mención de responsabilidad, etc. Luis Vicente Díaz Martín.
260 ## - PUBLICACIÓN, DISTRIBUCIÓN, ETC.
Lugar de publicación, distribución, etc. Palencia :
Nombre del editor, distribuidor, etc. Diputación Provincial ;
Lugar de publicación, distribución, etc. [Burgos] :
Nombre del editor, distribuidor, etc. La Olmeda,
Fecha de publicación, distribución, etc. [1995]
300 ## - DESCRIPCIÓN FÍSICA
Extensión 407 p., [8] p. de lám ;
Dimensiones 22 cm.
490 1# - MENCIÓN DE SERIE
Mención de serie Corona de España. I. Reyes de Castilla y León ;
Designación de volumen o secuencia 6
504 ## - NOTA DE BIBLIOGRAFÍA, ETC.
Nota de bibliografía, etc. Bibliografía.
600 04 - PUNTO DE ACCESO ADICIONAL DE MATERIA--NOMBRE DE PERSONA
Nombre de persona Pedro
Numeración I,
Títulos y otros términos asociados al nombre Rey de Castilla
9 (RLIN) 89923
651 #4 - PUNTO DE ACCESO ADICIONAL DE MATERIA--NOMBRE GEOGRÁFICO
Nombre geográfico España-
Subdivisión general Historia-
Subdivisión cronológica S.XIV.
9 (RLIN) 8351
710 1# - ENTRADA AGREGADA--NOMBRE DE ENTIDAD CORPORATIVA
Nombre de entidad corporativa o nombre de jurisdicción como elemento de entrada Palencia (Provincia).
Unidad subordinada Diputación Provincial.
9 (RLIN) 6107
830 00 - PUNTO DE ACCESO ADICIONAL DE SERIE-TÍTULO UNIFORME
Título uniforme Corona de España.
Nombre de parte o sección de la obra Reyes de Castilla y León
Designación de volumen o secuencia 6
9 (RLIN) 179243
852 ## - LOCALIZACIÓN
Ubicación ES-MaACL
Número de control de estantería L-20301
Sublocalización o colección R.126062
Holdings
Estatus retirado Estado de pérdida Estado de daño No para préstamo Biblioteca de origen Biblioteca actual Ubicación en estantería Fecha de adquisición Fuente de adquisición Total de préstamos Signatura topográfica completa Código de barras Visto por última vez Precio de reemplazo Tipo de ítem Koha
        Biblioteca del Ateneo de Madrid Biblioteca del Ateneo de Madrid Depósito 2 17/01/2008     L-20301 1013183 23/02/2023 23/02/2023 Libro impreso